000 00802nam a2200265 a 4500
001 81909
003 BD-RjUL
005 20230912143707.0
008 230912s20222015enka b 001 0 eng d
020 _a0582381673
020 _a9781032297262
035 _a(BD-RjUL)81909
040 _aUKM
_cUKM
_beng
_dBD-RjUL
041 _aeng
082 0 4 _221
_a363.73874
_bHAG 2022
100 1 _aHarvey, Leslie Daryl Danny,
_d1956-
_98955
245 1 0 _aGlobal warming :
_bthe hard science /
_cL. D. Danny Harvey.
260 _aHarlow ;
_aLondon
_bPrentice Hall;
_bRoutledge,
_cc2000, 2015 [reprinted2022]
300 _axxiv, 336 p. :
_bill. ;
_c25 cm.
504 _aIncludes bibliography and index.
650 0 _aGlobal warming.
_98901
650 0 _aClimatic changes.
942 _2ddc
_cBK
999 _c81909
_d81909